[Event "Wch U18 Girls"]
[Site "Oropesa del Mar"]
[Date "1999.11.02"]
[Round "9"]
[White "Moser, Eva"]
[Black "Moshina, Cristina"]
[Result "1-0"]
[WhiteElo "2223"]
[BlackElo "2192"]
[PlyCount "51"]
[EventDate "1999.10.24"]
[EventType "swiss"]
[EventRounds "11"]
[EventCountry "ESP"]
[SourceTitle "CBM 072 Extra"]
[Source "ChessBase"]
[SourceDate "1999.11.18"]
[SourceVersion "1"]
[SourceVersionDate "1999.11.18"]
[SourceQuality "1"]

1. g3 g6 2. Bg2 Bg7 3. e4 c5 4. d3 Nc6 5. f4 d6 6. Nf3 e6 7. O-O Nge7 8. c3 O-O
9. Be3 f5 10. Re1 Kh8 11. Nbd2 e5 12. fxe5 Bxe5 13. Nxe5 Nxe5 14. Nc4 Qc7 15.
Nxe5 dxe5 16. d4 f4 17. gxf4 exf4 18. Bf2 g5 19. dxc5 Be6 20. Qd6 Qxd6 21. cxd6
Ng6 22. e5 f3 23. Bf1 h5 24. h4 gxh4 25. Kh2 Rf7 26. Re4 1-0

[Event "Wch U18 Girls"]
[Site "Oropesa del Mar"]
[Date "1999.11.01"]
[Round "8"]
[White "Plachkinova, Tatjana Georgieva"]
[Black "Moser, Eva"]
[Result "1-0"]
[WhiteElo "2070"]
[BlackElo "2223"]
[PlyCount "66"]
[EventDate "1999.10.24"]
[EventType "swiss"]
[EventRounds "11"]
[EventCountry "ESP"]
[SourceTitle "CBM 072 Extra"]
[Source "ChessBase"]
[SourceDate "1999.11.18"]
[SourceVersion "1"]
[SourceVersionDate "1999.11.18"]
[SourceQuality "1"]

1. d4 g6 2. c4 Bg7 3. Nc3 e6 4. e4 Ne7 5. Nf3 d5 6. Bg5 dxe4 7. Nxe4 Nd7 8. Be2
h6 9. Bd2 b6 10. Bc3 Bb7 11. Qc2 Nf5 12. O-O O-O 13. Rad1 Nd6 14. Nfd2 f5 15.
Nxd6 cxd6 16. Bf3 Qc7 17. Bxb7 Qxb7 18. Bb4 Qc7 19. Qd3 Rfd8 20. Qg3 Nf8 21.
Nf3 Kh7 22. c5 e5 23. cxd6 Qc4 24. Ba3 e4 25. b3 Qe6 26. Ne5 Nd7 27. f4 Bf8 28.
Rc1 Bxd6 29. d5 Qf6 30. Bxd6 Qxd6 31. Rc6 Nxe5 32. Rxd6 Rxd6 33. fxe5 Rxd5 1-0

[Event "Wch U18 Girls"]
[Site "Oropesa del Mar"]
[Date "1999.10.31"]
[Round "7"]
[White "Moser, Eva"]
[Black "Ovod, Evgenija"]
[Result "0-1"]
[WhiteElo "2223"]
[BlackElo "2303"]
[PlyCount "60"]
[EventDate "1999.10.24"]
[EventType "swiss"]
[EventRounds "11"]
[EventCountry "ESP"]
[SourceTitle "CBM 072 Extra"]
[Source "ChessBase"]
[SourceDate "1999.11.18"]
[SourceVersion "1"]
[SourceVersionDate "1999.11.18"]
[SourceQuality "1"]

1. e4 e5 2. Nf3 Nc6 3. Bc4 Bc5 4. b4 Bxb4 5. c3 Be7 6. d4 Na5 7. Bd3 d6 8. O-O
Nf6 9. dxe5 dxe5 10. Nxe5 O-O 11. f4 Bc5+ 12. Kh1 b6 13. Qc2 Bb7 14. Nd2 Qe7
15. Nb3 Nxb3 16. axb3 a5 17. Bb2 Rad8 18. Qe2 Rxd3 19. Nxd3 Nxe4 20. Qh5 f5 21.
Nxc5 Qxc5 22. Ba3 Nf2+ 23. Rxf2 Qxf2 24. Rg1 c5 25. Qg5 Re8 26. h3 Qc2 27. Bc1
Qd3 28. Kh2 Re6 29. Bb2 Rg6 30. Qh4 Qd2 0-1

[Event "Wch U18 Girls"]
[Site "Oropesa del Mar"]
[Date "1999.10.29"]
[Round "6"]
[White "Ramaswamy, Aarthie"]
[Black "Moser, Eva"]
[Result "1/2-1/2"]
[WhiteElo "2141"]
[BlackElo "2223"]
[PlyCount "67"]
[EventDate "1999.10.24"]
[EventType "swiss"]
[EventRounds "11"]
[EventCountry "ESP"]
[SourceTitle "CBM 072 Extra"]
[Source "ChessBase"]
[SourceDate "1999.11.18"]
[SourceVersion "1"]
[SourceVersionDate "1999.11.18"]
[SourceQuality "1"]

1. e4 e6 2. d4 d5 3. Nd2 c5 4. exd5 exd5 5. Ngf3 Nc6 6. Bb5 Bd6 7. dxc5 Bxc5 8.
O-O Nge7 9. Nb3 Bd6 10. Re1 O-O 11. Bg5 Bg4 12. Bh4 Re8 13. Bg3 Bxg3 14. hxg3
Qb6 15. Be2 Nf5 16. Qxd5 Nb4 17. Qc4 Nxg3 18. Bd1 Rxe1+ 19. Nxe1 Bxd1 20. Rxd1
Re8 21. Nd4 Nc6 22. Nef3 Ne4 23. Re1 Nxd4 24. Nxd4 g6 25. Qd5 Nf6 26. Rxe8+
Nxe8 27. Qe5 Nf6 28. Nf3 a6 29. Qd4 Qxd4 30. Nxd4 Kf8 31. Nb3 b6 32. Kf1 Ke7
33. Ke2 Kd6 34. Nd2 1/2-1/2

[Event "Wch U18 Girls"]
[Site "Oropesa del Mar"]
[Date "1999.10.28"]
[Round "5"]
[White "Moser, Eva"]
[Black "Mirzoeva, Elmira"]
[Result "1-0"]
[WhiteElo "2223"]
[BlackElo "2261"]
[PlyCount "41"]
[EventDate "1999.10.24"]
[EventType "swiss"]
[EventRounds "11"]
[EventCountry "ESP"]
[SourceTitle "CBM 072 Extra"]
[Source "ChessBase"]
[SourceDate "1999.11.18"]
[SourceVersion "1"]
[SourceVersionDate "1999.11.18"]
[SourceQuality "1"]

1. g3 g6 2. Bg2 Bg7 3. e4 c5 4. d3 Nc6 5. f4 d6 6. Nf3 e6 7. O-O Nge7 8. c3 O-O
9. Be3 b6 10. Na3 Bb7 11. g4 h6 12. f5 exf5 13. exf5 gxf5 14. Nh4 fxg4 15. Qd2
Rb8 16. Bxh6 Ne5 17. Bxg7 Kxg7 18. Bxb7 Rxb7 19. Qg5+ Kh7 20. Rf6 N5g6 21. Raf1
1-0

[Event "EU-ch U18 Girls"]
[Site "Litohoto"]
[Date "1999.09.11"]
[Round "9"]
[White "Bogza, Oana"]
[Black "Moser, Eva"]
[Result "1/2-1/2"]
[WhiteElo "2086"]
[BlackElo "2223"]
[PlyCount "41"]
[EventDate "1999.09.03"]
[EventType "swiss"]
[EventRounds "9"]
[EventCountry "GRE"]
[SourceTitle "CBM 072 Extra"]
[Source "ChessBase"]
[SourceDate "1999.11.18"]
[SourceVersion "1"]
[SourceVersionDate "1999.11.18"]
[SourceQuality "1"]

1. d4 g6 2. Nf3 Bg7 3. c3 d6 4. Bg5 Nf6 5. Nbd2 Nbd7 6. e4 h6 7. Bh4 O-O 8. Be2
c6 9. O-O Qc7 10. Qc2 Re8 11. Rfe1 e5 12. dxe5 dxe5 13. Rad1 Nc5 14. Bf1 Nh5
15. Nc4 Bg4 16. Be2 Nf4 17. h3 Be6 18. Bf1 g5 19. Bg3 Rad8 20. Rxd8 Rxd8 21.
Bxf4 1/2-1/2

[Event "EU-ch U18 Girls"]
[Site "Litohoto"]
[Date "1999.09.10"]
[Round "8"]
[White "Moser, Eva"]
[Black "Javakhishvili, Lela"]
[Result "0-1"]
[WhiteElo "2223"]
[BlackElo "2181"]
[PlyCount "50"]
[EventDate "1999.09.03"]
[EventType "swiss"]
[EventRounds "9"]
[EventCountry "GRE"]
[SourceTitle "CBM 072 Extra"]
[Source "ChessBase"]
[SourceDate "1999.11.18"]
[SourceVersion "1"]
[SourceVersionDate "1999.11.18"]
[SourceQuality "1"]

1. e4 c5 2. b3 Nc6 3. Bb2 d6 4. Bb5 e5 5. f4 exf4 6. Nf3 Nge7 7. O-O Bg4 8. d4
a6 9. Bxc6+ Nxc6 10. Qd2 Bxf3 11. Rxf3 Nxd4 12. Bxd4 cxd4 13. Qxf4 Qf6 14. Qxf6
gxf6 15. c3 Bg7 16. Na3 dxc3 17. Nc4 Rd8 18. Rg3 Kf8 19. Rd3 f5 20. exf5 d5 21.
Rad1 Bf6 22. Ne3 d4 23. Nc2 h5 24. Nxd4 Rxd4 25. Rxd4 c2 0-1

[Event "EU-ch U18 Girls"]
[Site "Litohoto"]
[Date "1999.09.08"]
[Round "6"]
[White "Moser, Eva"]
[Black "Karlovich, Anastazia"]
[Result "0-1"]
[WhiteElo "2223"]
[BlackElo "2223"]
[PlyCount "59"]
[EventDate "1999.09.03"]
[EventType "swiss"]
[EventRounds "9"]
[EventCountry "GRE"]
[SourceTitle "CBM 072 Extra"]
[Source "ChessBase"]
[SourceDate "1999.11.18"]
[SourceVersion "1"]
[SourceVersionDate "1999.11.18"]
[SourceQuality "1"]

1. e4 e5 2. Nf3 Nc6 3. Bc4 Bc5 4. b4 Bxb4 5. c3 Be7 6. d4 Na5 7. Bd3 exd4 8.
Qa4 c6 9. cxd4 b5 10. Qc2 d5 11. exd5 Qxd5 12. O-O Nf6 13. Re1 Qd6 14. Qd2 b4
15. Qg5 Nd5 16. Qxg7 Qf6 17. Rxe7+ Qxe7 18. Qxh8+ Kd7 19. Bg5 f6 20. Bh4 Bb7
21. Qxh7 Qxh7 22. Bxh7 Nc4 23. Nbd2 Nd6 24. Ne4 a5 25. Nxf6+ Nxf6 26. Bxf6 a4
27. Nd2 Ba6 28. Bc2 Nc4 29. Nxc4 Bxc4 30. h4 0-1

[Event "EU-ch U18 Girls"]
[Site "Litohoto"]
[Date "1999.09.06"]
[Round "4"]
[White "Moser, Eva"]
[Black "Reizniece Ozola, Dana"]
[Result "1-0"]
[WhiteElo "2223"]
[BlackElo "2294"]
[PlyCount "49"]
[EventDate "1999.09.03"]
[EventType "swiss"]
[EventRounds "9"]
[EventCountry "GRE"]
[SourceTitle "CBM 072 Extra"]
[Source "ChessBase"]
[SourceDate "1999.11.18"]
[SourceVersion "1"]
[SourceVersionDate "1999.11.18"]
[SourceQuality "1"]

1. e4 d6 2. d4 g6 3. Nc3 Bg7 4. Be3 Nd7 5. Qd2 a6 6. h4 h5 7. Nh3 b5 8. Ng5
Ngf6 9. e5 dxe5 10. dxe5 Nxe5 11. Qxd8+ Kxd8 12. Bd4 Nc6 13. Bxf6 exf6 14.
Nxf7+ Ke8 15. Nxh8 Bxh8 16. Nd5 Ra7 17. O-O-O Be6 18. Be2 Bxd5 19. Rxd5 Nb4 20.
Rdd1 c5 21. Bf3 Rc7 22. Rhe1+ Kf7 23. a3 Nc6 24. Bxc6 Rxc6 25. Rd7+ 1-0

[Event "EU-ch U18 Girls"]
[Site "Litohoto"]
[Date "1999.09.05"]
[Round "3"]
[White "Vovk, Oksana"]
[Black "Moser, Eva"]
[Result "0-1"]
[WhiteElo "2075"]
[BlackElo "2223"]
[PlyCount "92"]
[EventDate "1999.09.03"]
[EventType "swiss"]
[EventRounds "9"]
[EventCountry "GRE"]
[SourceTitle "CBM 072 Extra"]
[Source "ChessBase"]
[SourceDate "1999.11.18"]
[SourceVersion "1"]
[SourceVersionDate "1999.11.18"]
[SourceQuality "1"]

1. d4 g6 2. Nf3 Bg7 3. c4 Nf6 4. Nc3 O-O 5. Bg5 c5 6. d5 d6 7. Nd2 h6 8. Bh4
Qb6 9. Qc2 e6 10. e4 Nh5 11. f3 e5 12. g4 Nf4 13. O-O-O a6 14. Qb3 Qc7 15. Na4
Nd7 16. Nb1 Rb8 17. Nbc3 Re8 18. Be1 b6 19. h4 Nf8 20. Ne2 b5 21. cxb5 axb5 22.
Nac3 c4 23. Qc2 Nd3+ 24. Kd2 Qa5 25. Ra1 Ba6 26. Nc1 b4 27. Nd1 Rec8 28. Ke2
Qc5 29. Bf2 Nxf2 30. Nxf2 c3+ 31. Ncd3 Qd4 32. b3 Nd7 33. Bg2 f5 34. gxf5 gxf5
35. Rad1 Nc5 36. exf5 h5 37. Ke1 Bh6 38. f4 Qe3+ 39. Qe2 Qxe2+ 40. Kxe2 exf4
41. Be4 Re8 42. Kf3 Rxe4 43. Nxe4 Nxd3 44. Rdg1+ Kf8 45. Rh2 Ne5+ 46. Kf2 Ng4+
0-1

[Event "EU-ch U18 Girls"]
[Site "Litohoto"]
[Date "1999.09.04"]
[Round "2"]
[White "Moser, Eva"]
[Black "Morkunaite, Egle"]
[Result "1-0"]
[WhiteElo "2223"]
[BlackElo "2066"]
[PlyCount "61"]
[EventDate "1999.09.03"]
[EventType "swiss"]
[EventRounds "9"]
[EventCountry "GRE"]
[SourceTitle "CBM 072 Extra"]
[Source "ChessBase"]
[SourceDate "1999.11.18"]
[SourceVersion "1"]
[SourceVersionDate "1999.11.18"]
[SourceQuality "1"]

1. e4 c5 2. c3 d5 3. exd5 Qxd5 4. d4 Nc6 5. Nf3 e5 6. Nxe5 Nxe5 7. dxe5 Qxe5+
8. Be2 Bd7 9. O-O O-O-O 10. Nd2 Bc6 11. Bf3 Bd6 12. g3 Bxf3 13. Qxf3 Be7 14.
Ne4 f5 15. Ng5 Qf6 16. Qe3 h6 17. Qe6+ Rd7 18. Qxf6 Nxf6 19. Ne6 Bd6 20. Be3 b6
21. Rfd1 g5 22. b4 Be5 23. bxc5 Bxc3 24. Rac1 Rxd1+ 25. Rxd1 Ng4 26. cxb6 Nxe3
27. bxa7 Kb7 28. Rd7+ Kb6 29. Nd8 Rxd8 30. Rxd8 Kxa7 31. fxe3 1-0

[Event "AUT-ch"]
[Site "Vienna"]
[Date "1999.08.21"]
[Round "15"]
[White "Stichlberger, Martin"]
[Black "Moser, Eva"]
[Result "0-1"]
[WhiteElo "2296"]
[BlackElo "2223"]
[PlyCount "84"]
[EventDate "1999.10.07"]
[EventType "tourn"]
[EventRounds "15"]
[EventCountry "AUT"]
[EventCategory "5"]
[SourceTitle "CBM 073 Extra"]
[Source "ChessBase"]
[SourceDate "2000.01.11"]
[SourceVersion "1"]
[SourceVersionDate "2000.01.11"]
[SourceQuality "1"]

1. g4 e5 2. Bg2 Nc6 3. h3 Bc5 4. c4 Nge7 5. Nc3 Ng6 6. Nf3 Nf4 7. Bf1 O-O 8. e3
Ng6 9. Be2 d6 10. d4 Bb4 11. Rg1 Nh4 12. a3 exd4 13. exd4 Nxf3+ 14. Bxf3 Re8+
15. Be3 Qh4 16. Qd3 Nxd4 17. Bd1 Bc5 18. Kd2 Rxe3 19. Qxe3 Nb3+ 20. Bxb3 Bxe3+
21. Kxe3 Bd7 22. Rg3 Qg5+ 23. Ke2 Re8+ 24. Kf1 Bc6 25. Nd5 Qd2 26. Rb1 h6 27.
Rc3 Bxd5 28. cxd5 Re2 29. Rf3 Rxf2+ 30. Rxf2 Qd3+ 31. Kg2 Qxb1 32. Bc2 Qe1 33.
Bd3 g6 34. Be2 Kg7 35. Bf3 Qc1 36. Re2 c5 37. Kf2 b5 38. Be4 a5 39. Bd3 c4 40.
Be4 Qf4+ 41. Bf3 Qd4+ 42. Kg2 c3 0-1

[Event "AUT-ch"]
[Site "Vienna"]
[Date "1999.08.19"]
[Round "13"]
[White "Moser, Eva"]
[Black "Hoelzl, Franz"]
[Result "1-0"]
[WhiteElo "2223"]
[BlackElo "2410"]
[PlyCount "73"]
[EventDate "1999.10.07"]
[EventType "tourn"]
[EventRounds "15"]
[EventCountry "AUT"]
[EventCategory "5"]
[SourceTitle "CBM 073 Extra"]
[Source "ChessBase"]
[SourceDate "2000.01.11"]
[SourceVersion "1"]
[SourceVersionDate "2000.01.11"]
[SourceQuality "1"]

1. e4 Nf6 2. d3 d5 3. Nd2 e5 4. Ngf3 Nc6 5. Be2 g6 6. O-O Bg7 7. c3 O-O 8. b4
Nh5 9. b5 Ne7 10. g3 c5 11. Bb2 b6 12. exd5 Nxd5 13. c4 Ndf4 14. Nxe5 Nxe2+ 15.
Qxe2 Bb7 16. f4 Re8 17. Qf2 f6 18. Nc6 Qxd3 19. Rfe1 Qd7 20. f5 gxf5 21. Rad1
f4 22. Ne4 Qg4 23. Nd6 Rxe1+ 24. Rxe1 Bxc6 25. bxc6 Bf8 26. Ne4 f5 27. Nf6+
Nxf6 28. Bxf6 Rc8 29. Qd2 Qg6 30. Qd7 Qxf6 31. Qxc8 Qd4+ 32. Kh1 Qd3 33. Qe6+
Kh8 34. Qf6+ Kg8 35. Qe6+ Kh8 36. c7 fxg3 37. Qe5+ 1-0

[Event "AUT-ch"]
[Site "Vienna"]
[Date "1999.08.18"]
[Round "12"]
[White "Weiss, Christian"]
[Black "Moser, Eva"]
[Result "1/2-1/2"]
[WhiteElo "2444"]
[BlackElo "2223"]
[PlyCount "88"]
[EventDate "1999.10.07"]
[EventType "tourn"]
[EventRounds "15"]
[EventCountry "AUT"]
[EventCategory "5"]
[SourceTitle "CBM 073 Extra"]
[Source "ChessBase"]
[SourceDate "2000.01.11"]
[SourceVersion "1"]
[SourceVersionDate "2000.01.11"]
[SourceQuality "1"]

1. d4 d6 2. e4 Nf6 3. f3 e5 4. dxe5 dxe5 5. Qxd8+ Kxd8 6. Bc4 Be6 7. Bxe6 fxe6
8. Be3 Nc6 9. Nd2 Nd7 10. O-O-O Ke8 11. Nh3 Bc5 12. Rhe1 h6 13. Nf2 Ke7 14. Nb3
Bb6 15. Nd3 Bxe3+ 16. Rxe3 Rhd8 17. Nbc5 Rab8 18. Nxd7 Rxd7 19. Nf2 Rbd8 20.
Rxd7+ Rxd7 21. Rd3 Rxd3 22. Nxd3 Kd6 23. b4 a5 24. a3 axb4 25. axb4 b6 26. Kd2
Ne7 27. Kc3 Nc6 28. Nb2 b5 29. Nd3 Nb8 30. Nc5 Nc6 31. Na6 Na7 32. Kd3 Nc8 33.
Nc5 Nb6 34. Ke2 c6 35. c3 Nc4 36. Nd3 Na3 37. Nc5 Nc4 38. Nb7+ Kc7 39. Nc5 Kd6
40. Kd3 Nb2+ 41. Kd2 Nc4+ 42. Ke2 Nb2 43. Nb7+ Kc7 44. Nc5 Kd6 1/2-1/2

[Event "AUT-ch"]
[Site "Vienna"]
[Date "1999.08.17"]
[Round "11"]
[White "Moser, Eva"]
[Black "Baumegger, Siegfried"]
[Result "0-1"]
[WhiteElo "2223"]
[BlackElo "2409"]
[PlyCount "79"]
[EventDate "1999.10.07"]
[EventType "tourn"]
[EventRounds "15"]
[EventCountry "AUT"]
[EventCategory "5"]
[SourceTitle "CBM 073 Extra"]
[Source "ChessBase"]
[SourceDate "2000.01.11"]
[SourceVersion "1"]
[SourceVersionDate "2000.01.11"]
[SourceQuality "1"]

1. e4 e6 2. d4 d5 3. Nc3 Bb4 4. a3 Bxc3+ 5. bxc3 dxe4 6. f3 Nd7 7. Nh3 Ndf6 8.
Bc4 Bd7 9. O-O Bc6 10. Ng5 e3 11. Bxe3 Nd5 12. Bc1 Nge7 13. Qe1 h6 14. Ne4 O-O
15. Bd3 Ng6 16. g3 Re8 17. c4 Nde7 18. Qf2 b6 19. Bb2 Qc8 20. d5 Bd7 21. dxe6
Bxe6 22. Qd4 Nf5 23. Qc3 Rd8 24. Nd6 cxd6 25. Bxf5 Qc5+ 26. Kg2 Qe5 27. Bxg6
Qxc3 28. Bxf7+ Kxf7 29. Bxc3 Rac8 30. Bd4 Rxc4 31. c3 Rdc8 32. Rfe1 a6 33. Re3
b5 34. Rae1 Re8 35. h4 Ra4 36. Ra1 Bd7 37. Rxe8 Bxe8 38. Kf2 Bc6 39. Ke3 Ke6
40. Bxg7 0-1

[Event "AUT-ch"]
[Site "Vienna"]
[Date "1999.08.16"]
[Round "10"]
[White "Kwatschewsky, Leo"]
[Black "Moser, Eva"]
[Result "1/2-1/2"]
[WhiteElo "2307"]
[BlackElo "2223"]
[PlyCount "32"]
[EventDate "1999.10.07"]
[EventType "tourn"]
[EventRounds "15"]
[EventCountry "AUT"]
[EventCategory "5"]
[SourceTitle "CBM 073 Extra"]
[Source "ChessBase"]
[SourceDate "2000.01.11"]
[SourceVersion "1"]
[SourceVersionDate "2000.01.11"]
[SourceQuality "1"]

1. d4 d6 2. e4 Nf6 3. Bd3 e5 4. c3 Nc6 5. Ne2 d5 6. Bg5 Be7 7. dxe5 Nxe5 8.
Bxf6 Bxf6 9. O-O Nxd3 10. Qxd3 dxe4 11. Qxe4+ Qe7 12. Nd2 O-O 13. Rfe1 c6 14.
Rad1 Qc7 15. Nc4 Be6 16. Nf4 Bxc4 1/2-1/2

[Event "AUT-ch"]
[Site "Vienna"]
[Date "1999.08.15"]
[Round "9"]
[White "Moser, Eva"]
[Black "Casagrande, Harald"]
[Result "1/2-1/2"]
[WhiteElo "2223"]
[BlackElo "2360"]
[PlyCount "66"]
[EventDate "1999.10.07"]
[EventType "tourn"]
[EventRounds "15"]
[EventCountry "AUT"]
[EventCategory "5"]
[SourceTitle "CBM 073 Extra"]
[Source "ChessBase"]
[SourceDate "2000.01.11"]
[SourceVersion "1"]
[SourceVersionDate "2000.01.11"]
[SourceQuality "1"]

1. g3 e5 2. Bg2 h5 3. d4 exd4 4. Nf3 Bb4+ 5. Bd2 Be7 6. Bf4 Nc6 7. Nxd4 Nxd4 8.
Qxd4 Bf6 9. Be5 d6 10. Bxf6 Qxf6 11. Qxf6 Nxf6 12. Nc3 c6 13. O-O-O Ke7 14. h4
Be6 15. e4 Rad8 16. Rhe1 Rhg8 17. Nd5+ Kf8 18. Nf4 Ne8 19. e5 d5 20. c4 Nc7 21.
cxd5 Nxd5 22. Nxd5 cxd5 23. Rd4 Ke7 24. Bf3 g6 25. Re2 Rc8+ 26. Kd1 Rgd8 27.
Red2 Rd7 28. Ke2 a5 29. Ke3 Rc5 30. a3 b6 31. Kf4 Rd8 32. b4 Rc4 33. bxa5 bxa5
1/2-1/2

[Event "AUT-ch"]
[Site "Vienna"]
[Date "1999.08.14"]
[Round "8"]
[White "Danner, Georg"]
[Black "Moser, Eva"]
[Result "1-0"]
[WhiteElo "2405"]
[BlackElo "2223"]
[PlyCount "111"]
[EventDate "1999.10.07"]
[EventType "tourn"]
[EventRounds "15"]
[EventCountry "AUT"]
[EventCategory "5"]
[SourceTitle "CBM 073 Extra"]
[Source "ChessBase"]
[SourceDate "2000.01.11"]
[SourceVersion "1"]
[SourceVersionDate "2000.01.11"]
[SourceQuality "1"]

1. d4 g6 2. c4 Bg7 3. e4 e6 4. Nc3 Ne7 5. Nf3 d5 6. cxd5 exd5 7. e5 Bg4 8. Be2
c5 9. dxc5 Nbc6 10. Bf4 Qa5 11. O-O Qxc5 12. Qa4 Bxf3 13. Bxf3 O-O 14. Rad1
Nxe5 15. Bxd5 Nxd5 16. Rxd5 Qe7 17. Qe4 Rfe8 18. Bxe5 Bxe5 19. Re1 Bxh2+ 20.
Kxh2 Qc7+ 21. Re5 f6 22. Qd5+ Kh8 23. Nb5 Qb8 24. Nd6 Rxe5 25. Nf7+ Kg7 26.
Nxe5 fxe5 27. Rxe5 Qc7 28. f4 Rd8 29. Qe4 Rd7 30. a4 a6 31. a5 Qd8 32. Kh3 Rf7
33. Rd5 Qc8+ 34. Kh2 Qg4 35. g3 Rf5 36. Rxf5 Qxf5 37. Qxb7+ Kh6 38. Qxa6 Qc2+
39. Kh3 Qf5+ 40. Kg2 Qc2+ 41. Kf3 Qxb2 42. Qd6 Qc3+ 43. Kg4 Qc8+ 44. Kh4 Qa8
45. g4 Qh1+ 46. Kg3 Qe1+ 47. Kf3 Qh1+ 48. Ke2 Qg2+ 49. Kd3 Qf1+ 50. Kd4 Qd1+
51. Kc5 Qxg4 52. Kb6 Qg1+ 53. Qc5 Qb1+ 54. Qb5 Qe4 55. Qg5+ Kg7 56. Qe5+ 1-0

[Event "AUT-ch"]
[Site "Vienna"]
[Date "1999.08.13"]
[Round "7"]
[White "Moser, Eva"]
[Black "Kummer, Helmut"]
[Result "1-0"]
[WhiteElo "2223"]
[BlackElo "2321"]
[PlyCount "65"]
[EventDate "1999.10.07"]
[EventType "tourn"]
[EventRounds "15"]
[EventCountry "AUT"]
[EventCategory "5"]
[SourceTitle "CBM 073 Extra"]
[Source "ChessBase"]
[SourceDate "2000.01.11"]
[SourceVersion "1"]
[SourceVersionDate "2000.01.11"]
[SourceQuality "1"]

1. e4 e5 2. Nf3 Nc6 3. Bc4 Bc5 4. b4 Bb6 5. a4 a5 6. b5 Nd4 7. Nxd4 Bxd4 8. c3
Bb6 9. d4 Qe7 10. O-O Nf6 11. f4 exd4 12. e5 dxc3+ 13. Kh1 Ne4 14. Qc2 Nd2 15.
Nxd2 cxd2 16. Ba3 d6 17. Qxd2 O-O 18. exd6 cxd6 19. Rae1 Qf6 20. f5 Bd4 21. Rd1
Bc5 22. Bb2 Bb4 23. Qd4 Qh6 24. Rd3 Bc5 25. Qd5 Rb8 26. Rh3 Qxh3 27. gxh3 b6
28. Qg2 Bb7 29. Bd5 Bxd5 30. Qxd5 Rfe8 31. Qg2 g6 32. Qg5 d5 33. fxg6 1-0

[Event "AUT-ch"]
[Site "Vienna"]
[Date "1999.08.11"]
[Round "5"]
[White "Moser, Eva"]
[Black "Weinzettl, Ernst"]
[Result "0-1"]
[WhiteElo "2223"]
[BlackElo "2420"]
[PlyCount "36"]
[EventDate "1999.10.07"]
[EventType "tourn"]
[EventRounds "15"]
[EventCountry "AUT"]
[EventCategory "5"]
[SourceTitle "CBM 073 Extra"]
[Source "ChessBase"]
[SourceDate "2000.01.11"]
[SourceVersion "1"]
[SourceVersionDate "2000.01.11"]
[SourceQuality "1"]

1. e4 e6 2. d4 d5 3. Nc3 Nf6 4. exd5 exd5 5. Bg5 Be7 6. Qd2 O-O 7. O-O-O c6 8.
f3 b5 9. g4 Nbd7 10. Bd3 Nb6 11. Qg2 Nc4 12. Qh3 h6 13. Bxh6 gxh6 14. Qxh6 Ne4
15. Qh5 Kg7 16. Bxe4 Rh8 17. Bxd5 Rxh5 18. Bxc6 Qd6 0-1

[Event "AUT-ch"]
[Site "Vienna"]
[Date "1999.08.10"]
[Round "4"]
[White "Wach, Markus"]
[Black "Moser, Eva"]
[Result "0-1"]
[WhiteElo "2403"]
[BlackElo "2223"]
[PlyCount "106"]
[EventDate "1999.10.07"]
[EventType "tourn"]
[EventRounds "15"]
[EventCountry "AUT"]
[EventCategory "5"]
[SourceTitle "CBM 073 Extra"]
[Source "ChessBase"]
[SourceDate "2000.01.11"]
[SourceVersion "1"]
[SourceVersionDate "2000.01.11"]
[SourceQuality "1"]

1. d4 g6 2. e4 Bg7 3. Nc3 d6 4. Be3 a6 5. a4 b6 6. Be2 e6 7. Nf3 Bb7 8. O-O Nd7
9. Nd2 Ne7 10. Nb3 O-O 11. Qd2 Re8 12. Rfd1 a5 13. Bh6 Bh8 14. f3 Nc6 15. Bf1
Rc8 16. Ne2 d5 17. e5 Ba6 18. g4 Ndxe5 19. dxe5 Nxe5 20. Ned4 Bxf1 21. Rxf1 c5
22. Nb5 Nc4 23. Qf2 Nxb2 24. f4 f5 25. c3 Nc4 26. h3 Nd6 27. Nxd6 Qxd6 28. Qg3
Qd7 29. Nd2 b5 30. axb5 Qxb5 31. Rac1 Qb2 32. Qd3 c4 33. Qc2 Qb6+ 34. Kg2 d4
35. cxd4 Qxd4 36. Nf3 Qc5 37. Qe2 c3 38. Ne5 Red8 39. Rc2 Rd4 40. Rf3 Qd5 41.
Qe3 Bg7 42. g5 Rd2+ 43. Qxd2 Qxd2+ 44. Rxd2 cxd2 45. Rd3 Bxe5 46. fxe5 Rc2 47.
Rd8+ Kf7 48. Kf3 a4 49. Ke2 a3 50. Rf8+ Ke7 51. Ra8 a2 52. Bf8+ Kf7 53. Bb4 Rc1
0-1

[Event "AUT-ch"]
[Site "Vienna"]
[Date "1999.08.09"]
[Round "3"]
[White "Moser, Eva"]
[Black "Mahdy, Khaled"]
[Result "1/2-1/2"]
[WhiteElo "2223"]
[BlackElo "2332"]
[PlyCount "87"]
[EventDate "1999.10.07"]
[EventType "tourn"]
[EventRounds "15"]
[EventCountry "AUT"]
[EventCategory "5"]
[SourceTitle "CBM 073 Extra"]
[Source "ChessBase"]
[SourceDate "2000.01.11"]
[SourceVersion "1"]
[SourceVersionDate "2000.01.11"]
[SourceQuality "1"]

1. g3 Nf6 2. Bg2 g6 3. e4 d6 4. Ne2 Bg7 5. O-O c5 6. d3 Nc6 7. c3 O-O 8. f4 e5
9. Kh1 b6 10. c4 a6 11. Nbc3 Rb8 12. f5 Ne7 13. Ng1 gxf5 14. Bg5 b5 15. exf5
Kh8 16. b3 Neg8 17. g4 Qa5 18. Bd2 b4 19. Ne4 Nxe4 20. dxe4 f6 21. Rf3 Ne7 22.
Rh3 Qc7 23. Qe1 Ng8 24. Nf3 Rf7 25. g5 fxg5 26. Nxg5 Bf6 27. Nxf7+ Qxf7 28. Bf3
Rb7 29. Qe2 Qf8 30. Rg1 Rg7 31. Rhg3 Rxg3 32. Rxg3 Bb7 33. Rh3 Bg7 34. Bg2 Qe7
35. Rg3 Bc6 36. Bg5 Bf6 37. Bd2 Bh4 38. Rh3 Bg5 39. Bxg5 Qxg5 40. Qe3 Qg4 41.
Qf3 Qg5 42. Qe3 Qg4 43. Qd3 Qf4 44. Qe3 1/2-1/2

[Event "AUT-ch"]
[Site "Vienna"]
[Date "1999.08.08"]
[Round "2"]
[White "Stanec, Nikolaus"]
[Black "Moser, Eva"]
[Result "1-0"]
[WhiteElo "2477"]
[BlackElo "2223"]
[PlyCount "74"]
[EventDate "1999.10.07"]
[EventType "tourn"]
[EventRounds "15"]
[EventCountry "AUT"]
[EventCategory "5"]
[SourceTitle "CBM 073 Extra"]
[Source "ChessBase"]
[SourceDate "2000.01.11"]
[SourceVersion "1"]
[SourceVersionDate "2000.01.11"]
[SourceQuality "1"]

1. d4 g6 2. e4 Bg7 3. Nf3 d6 4. Be2 e6 5. Be3 b6 6. c4 Bb7 7. Nc3 Nd7 8. O-O
Ne7 9. Qd2 h6 10. Rad1 Nf6 11. Qc2 O-O 12. h3 Ne8 13. c5 d5 14. e5 Qc8 15. b4
c6 16. a4 Nf5 17. Bc1 bxc5 18. dxc5 f6 19. exf6 Nxf6 20. Ne5 Ne4 21. Nxe4 Bxe5
22. Nd6 Qc7 23. Nxf5 gxf5 24. Bxh6 Rf6 25. Bg5 Rg6 26. f4 Qg7 27. fxe5 Rxg5 28.
Bf3 Qxe5 29. Rfe1 Qg3 30. Qc3 Re8 31. Re3 Qf4 32. Re5 Bc8 33. Rde1 Rd8 34. Kh1
Rg3 35. b5 Qxa4 36. bxc6 Qxc6 37. Qa5 Re8 1-0